Zaujímavosti z histórie Slovenskej národnej banky
Vznik Slovenskej národnej banky 14.3.1939. Právne pomery, základný kapitál, hlavné úlohy SNB. Zbierka na štátny zlatý poklad. Správne orgány banky. Prehľad bankových pobočiek. Prelomový rok 1944 - presuny slovenského ceduľového zlata do Švajčiarska. Zákon č. 31 z 2.7.1950 - vznik Štátnej banky česko...
Salvato in:
| Autore principale: | |
|---|---|
| Natura: | Capitolo di libro |
| Lingua: | slovacco |
| Soggetti: | |
| Tags: |
Nessun Tag, puoi essere il primo ad aggiungerne!!
|
MARC
| LEADER | 00000naa a2200000 4500 | ||
|---|---|---|---|
| 001 | r015604 | ||
| 005 | 20221213113131.0 | ||
| 041 | 0 | |a slo | |
| 044 | |a SK | ||
| 245 | 1 | 0 | |a Zaujímavosti z histórie Slovenskej národnej banky |c D. Kancelová |
| 520 | |a Vznik Slovenskej národnej banky 14.3.1939. Právne pomery, základný kapitál, hlavné úlohy SNB. Zbierka na štátny zlatý poklad. Správne orgány banky. Prehľad bankových pobočiek. Prelomový rok 1944 - presuny slovenského ceduľového zlata do Švajčiarska. Zákon č. 31 z 2.7.1950 - vznik Štátnej banky československej (ŠBČS). ŠBČS zanikla 31.12.1992 a jej nástupcami sa stali Národná banka Slovenska a Česká národná banka. | ||
| 610 | 2 | 0 | |a banky emisné |
| 610 | 2 | 0 | |a SNB Bratislava |
| 610 | 2 | 0 | |a Slovensko |
| 610 | 2 | 0 | |a 1939-1950 |
| 610 | 2 | 0 | |a história |
| 100 | 1 | |a Kancelová, D. | |